| 000 | 00516nam a2200133 a 4500 | ||
|---|---|---|---|
| 005 | 20140414131914.0 | ||
| 008 | 100712s19uu xx 00 eng d | ||
| 050 |
_aM 306.874 _bG75 1997 |
||
| 245 |
_aGrandparenting today : _bMaking the most of your grandparenting skills with grandchildren of all ages / _cconsulting editor, Eleanor Berman ; introduction by Claire Rayner. |
||
| 260 |
_aPleasantville, N.Y : _bReader's Digest, _c1997. |
||
| 650 | _aGrandparenting | ||
| 650 | _aGrandparent and child. | ||
| 999 |
_c111364 _d111364 |
||